Statistics for General knowledge.

Click here to take the quiz!

General Stats

  • This quiz has been taken 3 times
  • The average score is 4 of 8

Answer Stats

HintAnswer% Correct
1974.5 is the answer to whaat questionyes.
100%
How many coffee beans are on the palte ?10!
50%
When is creators birthday?31st feburary
50%
What two common foods are poisonous to humans but we still eat them on a regular basis?Chilli peper and pineapple.
50%
are you coming to the tree?*grunts*
50%
What colour is my eyesingual
50%
On average how high is the ceiling in aquarium?£ whales
50%
shrilanka is what country?.
0%

Score Distribution

Percentile by Number Answered

Percent of People with Each Score

Your Score History

You have not taken this quiz